Catégories cofibrées additives et complexe cotangent relatif /
Guardado en:
| Autor Principal: | |
|---|---|
| Formato: | Libro |
| Idioma: | French |
| Publicado: |
Berlin :
Springer-Verlag,
1968.
|
| Series: | Lecture notes in mathematics (Springer-Verlag) ;
79. |
| Materias: | |
| Etiquetas: |
Agregar Etiqueta
Sin Etiquetas, Sea el primero en etiquetar este registro!
|
| LEADER | 00773cam a22002291a 4500 | ||
|---|---|---|---|
| 001 | MAT.inmabb003531 | ||
| 008 | 730829s1968####gw#######b####000#0#fre## | ||
| 005 | 20180406150824.0 | ||
| 245 | 1 | 0 | |a Catégories cofibrées additives et complexe cotangent relatif / |c A. Grothendieck. |
| 260 | |a Berlin : |b Springer-Verlag, |c 1968. | ||
| 300 | |a 167 p. ; |c 28 cm. | ||
| 490 | 1 | |a Lecture notes in mathematics ; |v 79 | |
| 504 | |a Bibliografía: p. 165-167. | ||
| 510 | 4 | |a MR, |c 39 #2835 | |
| 100 | 1 | |a Grothendieck, A. |q (Alexandre) | |
| 830 | 0 | |a Lecture notes in mathematics (Springer-Verlag) ; |v 79. | |
| 650 | 0 | |a Categories (Mathematics) | |
| 650 | 0 | |a Complexes. | |
| 650 | 0 | |a Geometry, Algebraic. | |
| 010 | |a 68059061 | ||
| 040 | |a DLC |c OTU |d OCoLC |d DLC | ||
| 859 | |k H |p LNM-79 |b BIB. MATEMATICA | ||
